[Event "Bucharest Revolution Memorial"]
[Site "Bucharest"]
[Date "2003.12.??"]
[Round "?"]
[White "Conea, Adrian Ovidiu"]
[Black "Carmaciu, Lucian Catalin"]
[Result "0-1"]
[WhiteElo "2130"]
[BlackElo "2256"]
[PlyCount "47"]
[EventDate "2003.12.??"]
[EventType "swiss"]
[EventRounds "7"]
[EventCountry "ROU"]
[SourceTitle "EXT 2008"]
[Source "ChessBase"]
[SourceDate "2007.11.25"]
[SourceVersion "1"]
[SourceVersionDate "2007.11.25"]
[SourceQuality "1"]

1. d4 d5 2. c4 c6 3. Nf3 Nf6 4. Nc3 e6 5. Bg5 dxc4 6. e4 b5 7. e5 h6 8. Bh4 g5 9. Nxg5 hxg5 10. Bxg5 Nbd7 11. exf6 Bb7 12. g3 c5 13. d5 Qb6 14. Bg2 0-0-0 15. 0-0 b4 16. Rb1 Qa6 17. Na4 Bxd5 18. Bxd5 Ne5 19. Bxe6+ Qxe6 20. Qc2 Qd5 21. f3 Nd3 22. h4 Bd6 23. Kg2 Qd4 24. Kh1 0-1

[Event "Techirghiol op"]
[Site "Techirghiol"]
[Date "1999.??.??"]
[Round "?"]
[White "Conea, Adrian Ovidiu"]
[Black "Vladila, Liana"]
[Result "1-0"]
[WhiteElo "2175"]
[BlackElo "2109"]
[PlyCount "57"]
[EventDate "1999.??.??"]
[EventType "swiss"]
[EventRounds "9"]
[EventCountry "ROU"]
[SourceTitle "EXT 2004"]
[Source "ChessBase"]
[SourceDate "2003.11.25"]
[SourceVersion "1"]
[SourceVersionDate "2003.11.25"]
[SourceQuality "1"]

1. d4 Nf6 2. c4 g6 3. Nc3 Bg7 4. e4 d6 5. Nf3 0-0 6. Be2 e5 7. 0-0 Nc6 8. d5 Ne7 9. b4 Nd7 10. Nd2 f5 11. f3 b6 12. Nb3 Kh8 13. Be3 f4 14. Bf2 g5 15. c5 bxc5 16. bxc5 Nxc5 17. Nxc5 dxc5 18. Bxc5 Rg8 19. Bc4 Re8 20. Bb5 Rg8 21. d6 cxd6 22. Qxd6 Qxd6 23. Bxd6 Bf6 24. Bc4 Rd8 25. Rad1 Bb7 26. Nb5 Ba6 27. a4 Rac8 28. Be6 Rc6 29. Bxe5 1-0

[Event "Techirghiol op"]
[Site "Techirghiol"]
[Date "1999.??.??"]
[Round "?"]
[White "Covaci, Stefan"]
[Black "Conea, Adrian Ovidiu"]
[Result "0-1"]
[WhiteElo "2110"]
[BlackElo "2175"]
[PlyCount "38"]
[EventDate "1999.??.??"]
[EventType "swiss"]
[EventRounds "9"]
[EventCountry "ROU"]
[SourceTitle "EXT 2004"]
[Source "ChessBase"]
[SourceDate "2003.11.25"]
[SourceVersion "1"]
[SourceVersionDate "2003.11.25"]
[SourceQuality "1"]

1. e4 e6 2. d4 d5 3. Nc3 Bb4 4. Bd3 c5 5. exd5 exd5 6. dxc5 Nf6 7. Qe2+ Be6 8. Bd2 0-0 9. Nb5 Re8 10. Nd6 Bg4 11. Qxe8+ Nxe8 12. Bxb4 Nc6 13. Bd2 Qe7+ 14. Kf1 Nxd6 15. cxd6 Qxd6 16. f3 Bh5 17. Ne2 f6 18. Kf2 Re8 19. g4 Bg6 0-1

[Event "Deva tt"]
[Site "Deva"]
[Date "1999.??.??"]
[Round "?"]
[White "Karacsony, Zsolt"]
[Black "Conea, Adrian Ovidiu"]
[Result "1/2-1/2"]
[WhiteElo "2075"]
[BlackElo "2175"]
[PlyCount "30"]
[EventDate "1999.07.??"]
[EventType "team"]
[EventRounds "9"]
[EventCountry "ROU"]
[SourceTitle "EXT 2004"]
[Source "ChessBase"]
[SourceDate "2003.11.25"]
[SourceVersion "1"]
[SourceVersionDate "2003.11.25"]
[SourceQuality "1"]

1. e4 e5 2. Nf3 Nc6 3. c3 Nf6 4. d4 exd4 5. e5 Nd5 6. cxd4 Bb4+ 7. Bd2 Qe7 8. Nc3 Nxc3 9. bxc3 Ba5 10. Bb5 a6 11. Ba4 b5 12. Bc2 d5 13. 0-0 Bg4 14. h3 Bxf3 15. Qxf3 Nxd4 1/2-1/2

[Event "Centrocoop op"]
[Site "Eforie Nord"]
[Date "1997.??.??"]
[Round "?"]
[White "Conea, Adrian Ovidiu"]
[Black "Volkov, Andrei"]
[Result "1-0"]
[WhiteElo "2170"]
[BlackElo "2395"]
[PlyCount "81"]
[EventDate "1997.??.??"]
[EventType "swiss"]
[EventRounds "11"]
[EventCountry "ROU"]
[SourceTitle "EXT 2010"]
[Source "ChessBase"]
[SourceDate "2010.11.25"]
[SourceVersion "1"]
[SourceVersionDate "2010.11.25"]
[SourceQuality "1"]

1. d4 b5 2. e4 Bb7 3. f3 a6 4. c4 bxc4 5. Bxc4 e6 6. Qb3 Nc6 7. Qe3 Bb4+ 8. Nc3 Qf6 9. Nge2 Na5 10. Bd3 c5 11. Bd2 cxd4 12. Qxd4 Nc6 13. Qb6 Rb8 14. f4 Bc8 15. Qe3 d6 16. 0-0-0 Qe7 17. Qg3 g6 18. f5 Qb7 19. b3 Na5 20. Bc2 Ne7 21. Bf4 e5 22. Bg5 Nec6 23. fxg6 hxg6 24. Nd5 Be6 25. Bf6 Rg8 26. Bg5 Bxd5 27. exd5 Ne7 28. Qf3 Rc8 29. Kb2 Nc4+ 30. Ka1 Na3 31. Bb1 f5 32. Rc1 Bc5 33. Bxe7 Qxe7 34. b4 e4 35. Qxa3 Bxb4 36. Rxc8+ Kf7 37. Qxb4 Rxc8 38. Rc1 Rd8 39. Qd4 Rb8 40. Nf4 a5 41. Ne6 1-0